000 00639nam a2200205 a 4500
999 _c10461
_d10461
001 10461
003 BD-JhCC
005 20180428175205.0
008 180428s1961 usa |||| |||| 000 0 eng d
035 _a(BD-JhCC)10461
040 _aBD-JhCC
_dBD-JhCC
041 _aeng
082 _a822.332
_bROB 1961
100 _aRoberts, James L.
245 _a King Henry V :
_bnotes, including preface, scene-by scene synopses and commentaries, character sketches, critical notes, questions and answers /
_cJames L. Roberts,
260 _aUSA :
_bCliff's notes,
_c1961
300 _a79 p. :
_c19 cm.
650 _aEnglish drama
942 _2ddc
_cBK